000 00563 a2200169 4500
022 _a 8120321553
040 _aDLC
_bEnglish
082 _a004.21
100 _aKendall, Kenneth E.
245 _aSystems analysis and design
_cKenneth E, Kendall.
250 _a4th ed.
260 _aNew Delhi :
_bPrentice Hall of India Ltd.,
_cc2002.
300 _axxx, 914 p. :
_bcol. ill. ;
_c28 cm.
500 _aIncludes bibliographical references and index
650 _a1.System design.2.System analysis.3.System programming (Computer science)
942 _cBK
_k004.21 KEN
_2ddc
999 _c5363
_d5363